[Event "AUTO-MASTER-1069"]
[Site "http://www.queenalice.com/game.php?id=745522"]
[Date "2010.3.13"]
[Round "1"]
[White "alexp71"]
[Black "Flashinho"]
[Result "0-1"]
[WhiteElo "2095"]
[BlackElo "2020"]

1. c4 c5 2. Nc3 Nc6 3. g3 g6 4. Bg2 Bg7 5. Nf3 Nf6 6. d4 d5 7. O-O cxd4 8. Nxd4
e6 9. cxd5 Nxd5 10. Ndb5 Bxc3 11. bxc3 O-O 0-1

[Event "AUTO-MASTER-1069"]
[Site "http://www.queenalice.com/game.php?id=745523"]
[Date "2010.3.13"]
[Round "1"]
[White "Flashinho"]
[Black "alexp71"]
[Result "1-0"]
[WhiteElo "2039"]
[BlackElo "2076"]

1. d4 d5 2. c4 dxc4 3. Nc3 a6 4. e4 b5 5. f4 e6 6. Nf3 Bb7 7. d5 exd5 8. exd5
Nf6 9. Be2 Bb4 10. O-O O-O 11. a3 Bc5+ 12. Kh1 1-0

[Event "AUTO-MASTER-1654"]
[Site "http://www.queenalice.com/game.php?id=1061081"]
[Date "2012.5.18"]
[Round "1"]
[White "Norfair"]
[Black "alexp71"]
[Result "1-0"]
[WhiteElo "2472"]
[BlackElo "1974"]

1. d4 Nf6 2. Nd2 d5 3. Ngf3 c6 4. e3 Bf5 5. Be2 Nbd7 6. O-O e6 7. Nh4 Be4 8. c4
Bd6 9. c5 Bc7 10. Nxe4 Nxe4 11. g3 O-O 12. Qc2 e5 13. f3 Nef6 14. b4 e4 15. b5
Re8 16. bxc6 bxc6 17. Qa4 Re6 18. f4 Ne8 19. Bd2 a5 20. Rab1 Rh6 21. Nf5 Rf6 22.
g4 Rb8 23. Rxb8 Nxb8 24. Be1 Re6 25. g5 f6 26. Bh4 Kf8 27. Ng3 Re7 28. Bg4 Kg8
29. Nh5 Kf7 30. Bf5 g6 31. gxf6 Rd7 32. Be6+ Kxe6 33. f7 Nf6 34. Bxf6 Qf8 35.
f5+ Kxf7 36. fxg6+ Kg8 37. Be5 1-0

[Event "AUTO-MASTER-1654"]
[Site "http://www.queenalice.com/game.php?id=1061082"]
[Date "2012.5.18"]
[Round "1"]
[White "alexp71"]
[Black "Norfair"]
[Result "0-1"]
[WhiteElo "1976"]
[BlackElo "2471"]

1. c4 c5 2. Nc3 b6 3. Nf3 Bb7 4. e4 Nc6 5. Bd3 e6 6. O-O Qb8 7. Bc2 Nf6 8. d3
Be7 9. Bg5 O-O 10. Ba4 a6 11. Re1 h6 12. Bh4 d6 13. Nd2 Rc8 14. Bg3 Nd7 15. f4
Bf6 16. Rf1 Qc7 17. f5 Nde5 18. fxe6 fxe6 19. Nf3 Rf8 20. Nxe5 Bxe5 21. Qg4 Bd4+
22. Kh1 Qe7 23. Bh4 g5 24. Bg3 Ne5 25. Qe2 Rxf1+ 26. Rxf1 Rf8 27. a3 Kg7 28. Qd1
Rxf1+ 29. Qxf1 Qf6 30. Qxf6+ Kxf6 31. Bxe5+ Kxe5 32. Nd1 d5 33. exd5 exd5 34.
Be8 dxc4 35. dxc4 Be4 36. Bf7 b5 37. Nc3 Bc6 38. cxb5 axb5 0-1

[Event "AUTO-MASTER-1654"]
[Site "http://www.queenalice.com/game.php?id=1061099"]
[Date "2012.5.18"]
[Round "1"]
[White "vivafischer"]
[Black "alexp71"]
[Result "1-0"]
[WhiteElo "2290"]
[BlackElo "2055"]

1. e4 c5 2. Nc3 Nc6 3. f4 e6 4. Nf3 d5 5. exd5 exd5 6. Bb5 a6 7. Bxc6+ bxc6 8.
d4 Bd6 9. O-O Ne7 10. Be3 cxd4 11. Bxd4 O-O 12. Qd2 Qc7 13. g3 Nf5 14. Bf2 Rb8
15. Rab1 Re8 16. Rfe1 Bd7 17. Rxe8+ Rxe8 18. Re1 Rxe1+ 19. Qxe1 Ne7 20. Nd1 Bg4
21. Kg2 c5 22. Qe2 Qc6 23. h3 Bc8 24. Ne3 Qd7 25. h4 h6 26. c3 Qe6 27. Qd3 Bxf4
28. Kg1 Bc7 29. b3 Bb7 30. Ne1 1-0

[Event "AUTO-MASTER-1654"]
[Site "http://www.queenalice.com/game.php?id=1061100"]
[Date "2012.5.18"]
[Round "1"]
[White "alexp71"]
[Black "vivafischer"]
[Result "0-1"]
[WhiteElo "2048"]
[BlackElo "2295"]

1. c4 Nf6 2. Nc3 c5 3. g3 Nc6 4. Bg2 b6 5. Nf3 e6 6. Ne5 Qc7 7. Nxc6 dxc6 8. d3
Be7 9. Bf4 Bd6 10. Nb5 cxb5 11. Bxa8 Bxf4 12. gxf4 bxc4 13. Qa4+ Bd7 14. Qxc4
O-O 15. Bf3 Nd5 16. e3 Bc6 17. Ke2 Qb7 18. Rhg1 Rd8 19. Rg3 g6 20. a3 Qd7 21.
Rd1 Bb5 22. Qc2 Ne7 23. Rgg1 Nf5 24. Qc3 a5 25. Ke1 Qe7 26. Rd2 Qh4 27. Qb3 Nxe3
28. Qxb5 Qxh2 29. Rh1 Qxf4 30. Qxb6 Rb8 0-1

[Event "AUTO-MASTER-1656"]
[Site "http://www.queenalice.com/game.php?id=1062099"]
[Date "2012.5.21"]
[Round "1"]
[White "alexp71"]
[Black "Ronsini"]
[Result "1-0"]
[WhiteElo "2032"]
[BlackElo "2199"]

1. c4 e5 2. Nc3 Nf6 3. Nf3 d6 4. d3 Be6 5. d4 Nbd7 6. e3 Bg4 7. Be2 c6 8. O-O e4
9. Nd2 Bxe2 10. Qxe2 d5 11. cxd5 cxd5 12. Qb5 Qb6 13. Nxd5 Nxd5 14. Qxd5 Nf6 15.
Qe5+ Be7 16. Nxe4 Nxe4 17. Qxe4 1-0

[Event "AUTO-MASTER-1656"]
[Site "http://www.queenalice.com/game.php?id=1062100"]
[Date "2012.5.21"]
[Round "1"]
[White "Ronsini"]
[Black "alexp71"]
[Result "1-0"]
[WhiteElo "2288"]
[BlackElo "1936"]

1. e4 c5 2. Nf3 d6 3. d4 cxd4 4. Nxd4 Nf6 5. Nc3 a6 6. f3 g6 7. Be3 Bg7 8. Qd2
O-O 9. O-O-O b5 10. g4 b4 11. Nce2 a5 12. Bh6 Bxh6 13. Qxh6 a4 14. h4 a3 15. b3
Qa5 16. h5 g5 17. Ng3 Qe5 18. Ngf5 Bxf5 19. Nxf5 Qb2+ 20. Kd2 Nfd7 21. Qxg5+ Kh8
22. h6 Re8 23. Nxe7 Qe5 24. Qg7+ Qxg7 25. hxg7+ Kxg7 26. Nf5+ Kg8 27. Nxd6 Re6
28. Nxf7 Kxf7 29. Bc4 Nf8 30. Ke3 Kg7 31. Bxe6 Nxe6 32. f4 Ra6 33. f5 Nf8 34. e5
Ra5 35. e6 Nc6 36. Rd6 Rc5 37. g5 Kh8 38. Rxc6 Rxc6 39. e7 Rc8 40. Rd1 Re8 41.
f6 Kg8 42. Rd8 Kf7 43. Rxe8 Kxe8 44. exf8=Q+ 1-0

[Event "AUTO-MASTER-1690"]
[Site "http://www.queenalice.com/game.php?id=1080324"]
[Date "2012.7.7"]
[Round "1"]
[White "aknightout"]
[Black "alexp71"]
[Result "1-0"]
[WhiteElo "1878"]
[BlackElo "2018"]

1. e4 c5 2. Nf3 e6 3. d3 d5 4. Nbd2 Nc6 5. g3 Nf6 6. Bg2 b6 7. exd5 exd5 8. O-O
Be7 9. Re1 O-O 10. Nf1 Bg4 11. h3 Bh5 12. g4 Bg6 13. Nh4 1-0

[Event "AUTO-MASTER-1690"]
[Site "http://www.queenalice.com/game.php?id=1080325"]
[Date "2012.7.7"]
[Round "1"]
[White "alexp71"]
[Black "aknightout"]
[Result "0-1"]
[WhiteElo "2042"]
[BlackElo "1854"]

1. c4 e5 2. Nc3 Nf6 3. g3 d6 4. Bg2 c6 5. d4 Nbd7 6. e4 Qb6 7. Nf3 Be7 8. O-O
O-O 9. b3 Re8 10. h3 h6 11. Be3 Qc7 12. Qc2 a6 0-1

[Event "AUTO-MASTER-1690"]
[Site "http://www.queenalice.com/game.php?id=1080336"]
[Date "2012.7.7"]
[Round "1"]
[White "ReiBranco"]
[Black "alexp71"]
[Result "1-0"]
[WhiteElo "2134"]
[BlackElo "1996"]

1. d4 d5 2. c4 c6 3. Nf3 Nf6 4. Nc3 dxc4 5. a4 Bf5 6. e3 e6 7. Bxc4 Bb4 8. Bd2
Nbd7 9. O-O O-O 10. Rc1 Bd6 11. Re1 Ne4 12. Nxe4 Bxe4 13. Bc3 Nb6 14. Be2 Nd5
15. Bd2 1-0

[Event "AUTO-MASTER-1690"]
[Site "http://www.queenalice.com/game.php?id=1080337"]
[Date "2012.7.7"]
[Round "1"]
[White "alexp71"]
[Black "ReiBranco"]
[Result "0-1"]
[WhiteElo "1986"]
[BlackElo "2142"]

1. c4 Nf6 2. Nc3 g6 3. Nf3 Bg7 4. d4 O-O 5. Bg5 d6 6. e3 Nbd7 7. Qc2 c5 8. Bd3
cxd4 9. exd4 a6 10. O-O b6 11. Be4 Nxe4 12. Qxe4 Rb8 13. Bxe7 Nf6 14. Qe3 Ng4
0-1

[Event "AUTO-MASTER-1690"]
[Site "http://www.queenalice.com/game.php?id=1080344"]
[Date "2012.7.7"]
[Round "1"]
[White "alexp71"]
[Black "Josecarlos"]
[Result "0-1"]
[WhiteElo "1953"]
[BlackElo "1922"]

1. c4 e5 2. Nc3 Bb4 3. Qb3 Nc6 4. e3 Nf6 5. a3 Bxc3 6. Qxc3 d5 7. cxd5 Nxd5 8.
Qc2 O-O 9. b4 a6 10. Bb2 Qf6 11. Bd3 g6 12. Nf3 Bg4 13. Be4 Rad8 14. h3 Bxf3 15.
Bxf3 Qe7 16. O-O Rd6 17. d3 Rfd8 18. Rac1 Qe6 19. Rfd1 f5 20. Qc4 Nb6 21. Qxe6+
Rxe6 22. Bxc6 bxc6 0-1

[Event "AUTO-MASTER-1690"]
[Site "http://www.queenalice.com/game.php?id=1080345"]
[Date "2012.7.7"]
[Round "1"]
[White "Josecarlos"]
[Black "alexp71"]
[Result "1-0"]
[WhiteElo "1903"]
[BlackElo "1972"]

1. e4 c5 2. c4 Nc6 3. Nf3 e5 4. b3 g6 5. Bb2 Bg7 6. Nc3 Nge7 7. Nd5 O-O 8. Bd3
f5 9. exf5 gxf5 10. Qc2 Nxd5 11. Bxf5 Nf6 12. Ng5 h6 13. h4 hxg5 14. hxg5 Ne8
15. Rh5 d6 16. Be4 Nb4 17. Qc3 Bg4 18. Rh4 Qxg5 19. Qg3 Rf4 20. f3 Rxe4+ 21.
fxe4 Nc2+ 22. Kf1 1-0